000 00731nam a2200181Ia 4500
008 090124s9999 xx 000 0 und d
082 _b35168
100 _aकोल्हे रवींद्र
245 _a भूकंप आणि ज्वालामुखी कसे होतात
250 _a0
260 _b"जयदीप प्रकाशन, पुणे"
300 _a30
600 _aकोल्हे रवींद्र
630 _a भूकंप आणि ज्वालामुखी कसे होतात
700 _aकोल्हे रवींद्र
730 _a भूकंप आणि ज्वालामुखी कसे होतात
942 _cBOOK
999 _c101118
_d101118